| 000 | 00587nam a2200181 a 4500 | ||
|---|---|---|---|
| 001 | 000026043 | ||
| 005 | 20200930024244.0 | ||
| 008 | 110225s1965 xxu r 001 0 eng d | ||
| 040 |
_aDO-SdBNP _beng _cBNPHU |
||
| 082 |
_ann* _bnn* |
||
| 245 | 0 | 0 |
_aQuasimodo / _cTraducción e introduccón de Jack Bevan. |
| 260 |
_a[Estados Unidos] : _bPenguin Books, _c1965. |
||
| 300 |
_a110 p. ; _c18 cm. |
||
| 490 | 1 |
_aPenguin Modern European Poets. Selected poems _vD86 |
|
| 700 | 1 |
_aBevan, Jack, _etr. _952981 |
|
| 830 | 0 |
_aPenguin Modern European Poets. _pSelected poems _vD86 _952982 |
|
| 049 | _aBNGR | ||
| 999 |
_c25535 _d25535 |
||